Rechtliche und politische Koordinierung der Außenbeziehungen der Europäischen Gemeinschaften 1951 - 1992
| Titel: | Rechtliche und politische Koordinierung der Außenbeziehungen der Europäischen Gemeinschaften 1951 - 1992 / [Tagung "Rechtliche und Politische Koordinierung der Außenbeziehungen der Europäischen Gemeinschaften 1951 - 1992", 3. und 4. April 2008]. Hrsg. von Rolf Ahmann ... |
|---|---|
| Beteiligt: | |
| Körperschaft: | |
| Veröffentlicht: | Berlin : Duncker & Humblot, 2010 |
| Umfang: | 158 Seiten ; 24 cm |
| Format: | Buch |
| Sprache: | Deutsch |
| Schriftenreihe/ mehrbändiges Werk: |
Schriften zur europäischen Rechts- und Verfassungsgeschichte ; 56 |
| RVK-Notation: |
·
|
| ISBN: | 9783428133819 |
| Hinweise zum Inhalt: |
Inhaltsverzeichnis
|
alg: 22620001 001A $06000:19-08-10 001B $01999:10-04-24 $t13:28:37.000 001D $00004:27-10-10 001U $0utf8 001X $00 002@ $0Aau 002C $aText $btxt $2rdacontent 002D $aohne Hilfsmittel zu benutzen $bn $2rdamedia 002E $aBand $bnc $2rdacarrier 003@ $0226200019 003O $0654302063 $aOCoLC 004A $A978-3-428-13381-9 $fkart. : EUR 58.00, sfr 98.00 (freier Pr.) 004K $09783428133819 006G $01004756437 006H $0TOCIMA1148 $2DNB 006H $0TOCIMA1033 $2DNB 006T $010,N30 006U $010,A47 $f20100719 007A $01004756437 $aDNB 007T $0Herdc0066105m 009P $qapplication/pdf $A2 $3Inhaltsverzeichnis $uhttp://d-nb.info/1004756437/04 $mB:DE-101 010@ $ager 011@ $a2010 013D $RWissenschaftliche Literatur $RAufsatzsammlung $71071861417 $8Konferenzschrift [Ts1] $9359646190 $y2008 $zMünster, Westfalen 017A $asf 021A $aRechtliche und politische Koordinierung der Außenbeziehungen der Europäischen Gemeinschaften 1951 - 1992 $h[Tagung "Rechtliche und Politische Koordinierung der Außenbeziehungen der Europäischen Gemeinschaften 1951 - 1992", 3. und 4. April 2008]. Hrsg. von Rolf Ahmann ... 028C $BHerausgeber $4edt $7111384648 $8Ahmann, Rolf [Tp3] $9145924165 029F $716076407-5 $8Tagung Rechtliche und Politische Koordinierung der Außenbeziehungen der Europäischen Gemeinschaften 1951 - 1992$d2008$cMünster (Westf) [Tf1] $9225785072 033A $pBerlin $nDuncker & Humblot 034D $a158 Seiten 034I $a24 cm 036E $aSchriften zur europäischen Rechts- und Verfassungsgeschichte $l56 036F $x256 $8Schriften zur europäischen Rechts- und Verfassungsgeschichte $9186259697 $l56 044K $qDNB $REuropäische Union $REuropäische Atomgemeinschaft $REuropäische Gemeinschaft für Kohle und Stahl $REuropäische Wirtschaftsgemeinschaft $#EG $#European Communities $#European Community $#EC $#Communautés Européennes $#Comunità Europee $#Comunità Europea $#Communauté Européenne $#Comunidades Europeas $#Comunidad Europea $#Comunidades Europeias $#Communitates Europaeae $#CE $#Europaeiske Faellesskaber $#EF $#Europese Gemeenschappen $#Eurōpaïkē Koinotēs $#Avrupa Topluluğu $#Wspólnoty Europejskie $#Avrupa Toplukları $735439-9 $8Europäische Gemeinschaften [Tbz] $9040360830 044K $qDNB $RPolitik $RSicherheitspolitik $RInternationale Politik $RDiplomatie $#International relations $#Relations internationales $#Auswärtige Angelegenheiten $#Auswärtige Politik $#Außenbeziehungen Außenpolitik $74003846-4 $8Außenpolitik [Ts1] $9085002038 044K $qDNB $#Law European Union countries $#Droit européen $#Europäisches Recht $74153206-5 $8Europarecht [Ts1] $9085642142 045E $c340 $c320 $c940 045F $a341.2422 $eDDC22ger 045F/01 $a341.2422 045R $aGeschichte 1951-1992 045Z $8MK 5250 [Tkv] $9410827347 045Z $8PS 2660 [Tkv] $9411109189 lok: 22620001 3 101B $006-01-11 $t08:02:49.000 101C $001-12-10 101U $0utf8 144Z/20 $ap11jan 145S/01 $a007 exp: 22620001 3 1 #EPN 201B/01 $027-12-10 $t14:08:58.000 201C/01 $001-12-10 201U/01 $0utf8 203@/01 $060301335X 208@/01 $a27-12-10 $bzAa 209A/01 $a89.358.72 $du $f000 $h89 358 72 $x00 209G/01 $a89358728 $x00 247C/01 $8601000-3 <30>Frankfurt, Universitätsbibliothek J. C. Senckenberg, Zentralbibliothek (ZB) $9102598258 lok: 22620001 23 exp: 22620001 23 1 #EPN 201B/01 $015-02-11 $t13:25:45.000 201C/01 $026-01-11 201U/01 $0utf8 203@/01 $0605164878 208@/01 $a15-02-11 $bz 209A/01 $a25 pol T 9.4.7 REC $du $f024 $hPOL T 9.4.7 REC $x00 209G/01 $a25556836 $x00 247C/01 $8352024-9 <34/24>Kassel, UB Kassel, Standort Holländischer Platz $9102599459 lok: 22620001 78 exp: 22620001 78 1 #EPN 201B/01 $019-04-17 $t15:01:32.000 201U/01 $0utf8 203@/01 $0791946096 208@/01 $a12-11-16 $be 209A/01 $a/ $f000 $x00 220C/01 $aTitelaufnehmer: pg 220C/01 $aHerkunft: HI Marburg 237A/01 $aweiterführende Signatur(en): <4> UB Marburg: Wp 2010/0921 244Z/01 $aGeschichte 1951-1992 $x01 244Z/01 $2Trx $#Euroopa ühendus 1957/67-1992 $#Europos Bendrijos 1957/67-1992 $#European Communities 1957/67-1992 $#Európai Közösségek 1957/67-1992 $#Wspólnoty Europejskie 1957/67-1992 $#Európske spoločenstvá 1957/67-1992 $#Evropská společenství 1957/67-1992 $#Europäische Wirtschaftsgemeinschaft $#European Economic Community $#Europejska Wspólnota Gospodarcza $#Európske hospodárske spoločenstvo $8--Trx--Europäische Gemeinschaften$g1957/67-1992 $x02 $939138208X 244Z/01 $2Trx $#välispoliitika $#užsienio politika $#foreign policy $#külpolitika $#polityka zagraniczna $#politika zahraničná $#politika zahraniční $#Politik und Außenbeziehungen $#Politik Außenpolitik $8--Trx--Außenpolitik $x03 $9391379607 244Z/01 $2Trx $#dzieło zbiorowe $8--Trx--Sammelwerk $x04 $9391384597 247C/01 $82080>Marburg/Lahn, Herder-Institut, Forschungsbibliothek, Bibliographieportal $9336309341 lok: 22620001 205 exp: 22620001 205 1 #EPN 201B/01 $002-11-10 $t12:09:31.000 201C/01 $014-10-10 201U/01 $0utf8 203@/01 $0600310469 208@/01 $a27-10-10 $bz 209A/01 $aWp 2010/0921 $du $f000 $x00 209C/01 $anel1011wp 209G/01 $a51741854 $x00 247C/01 $8351000-1 <4>Marburg, Universität Marburg, Universitätsbibliothek $9102594767
| LEADER | 00000cam a2200000 c 4500 | ||
|---|---|---|---|
| 001 | 226200019 | ||
| 003 | DE-603 | ||
| 005 | 20240410132837.0 | ||
| 007 | tu | ||
| 008 | 100819s2010 xx |||| | u10||u|ger | ||
| 015 | |a 10,A47 |z 10,N30 |2 dnb | ||
| 016 | 7 | |2 DE-101 |a 1004756437 | |
| 020 | |a 9783428133819 |c kart. : EUR 58.00, sfr 98.00 (freier Pr.) | ||
| 024 | 3 | |a 9783428133819 | |
| 035 | |a (DE-599)DNB1004756437 | ||
| 035 | |a (OCoLC)654302063 | ||
| 040 | |a DE-603 |b ger |c DE-603 |d DE-603 | ||
| 041 | |a ger | ||
| 082 | 0 | 4 | |8 1\u |a 341.2422 |q DE-101 |2 22/ger |
| 084 | |a 340 |a 320 |a 940 |q DE-101 |2 sdnb | ||
| 084 | |a MK 5250 |0 (DE-625)123079: |0 (DE-603)410827347 |2 rvk | ||
| 084 | |a PS 2660 |0 (DE-625)139728: |0 (DE-603)411109189 |2 rvk | ||
| 085 | |8 1\u |b 341.2422 | ||
| 090 | |a b | ||
| 245 | 0 | 0 | |a Rechtliche und politische Koordinierung der Außenbeziehungen der Europäischen Gemeinschaften 1951 - 1992 |c [Tagung "Rechtliche und Politische Koordinierung der Außenbeziehungen der Europäischen Gemeinschaften 1951 - 1992", 3. und 4. April 2008]. Hrsg. von Rolf Ahmann ... |
| 264 | 1 | |a Berlin |b Duncker & Humblot |c 2010 | |
| 300 | |a 158 Seiten |c 24 cm | ||
| 336 | |a Text |b txt |2 rdacontent | ||
| 337 | |a ohne Hilfsmittel zu benutzen |b n |2 rdamedia | ||
| 338 | |a Band |b nc |2 rdacarrier | ||
| 490 | 1 | |a Schriften zur europäischen Rechts- und Verfassungsgeschichte |v 56 | |
| 610 | 1 | 7 | |a Europäische Gemeinschaften |2 gnd |0 (DE-588)35439-9 |0 (DE-603)040360830 |
| 648 | 7 | |a Geschichte 1951-1992 |2 gnd | |
| 650 | 7 | |a Außenpolitik |0 (DE-588)4003846-4 |0 (DE-603)085002038 |2 gnd | |
| 650 | 7 | |a Europarecht |0 (DE-588)4153206-5 |0 (DE-603)085642142 |2 gnd | |
| 655 | 7 | |a Konferenzschrift |y 2008 |z Münster, Westfalen |2 gnd-content |0 (DE-588)1071861417 |0 (DE-603)359646190 | |
| 700 | 1 | |a Ahmann, Rolf |e Herausgeber |4 edt |0 (DE-603)145924165 |0 (DE-588)111384648 |2 gnd | |
| 711 | 2 | |a Tagung Rechtliche und Politische Koordinierung der Außenbeziehungen der Europäischen Gemeinschaften 1951 - 1992 |d 2008 |c Münster (Westf) |0 (DE-603)225785072 |0 (DE-588)16076407-5 |2 gnd | |
| 830 | 0 | |t Schriften zur europäischen Rechts- und Verfassungsgeschichte |v 56 |w (DE-603)186259697 |w (DE-600)1410744-2 |9 256 |7 as | |
| 856 | 4 | 2 | |m B:DE-101 |q application/pdf |u http://d-nb.info/1004756437/04 |3 Inhaltsverzeichnis |
| 924 | 0 | |9 30 |a (DE-603)60301335X |b DE-30 |c HES |d c |g 89.358.72 | |
| 924 | 0 | |9 34/24 |a (DE-603)605164878 |b DE-34-24 |c HES |d c |g 25 pol T 9.4.7 REC | |
| 924 | 0 | |9 2080 |a (DE-603)791946096 |b DE-2080 |c HES |d d |g / | |
| 924 | 0 | |9 4 |a (DE-603)600310469 |b DE-4 |c HES |d c |g Wp 2010/0921 | |


